000 01394 a2200277 4500
003 Nust
005 20221221105316.0
010 _a 2004302041
020 _a1860648819
035 _a(OCoLC)ocm55803428
040 _cNust
082 _a320.953,ALS
100 1 _aAl-Saud, Faisal bin Salman.
_9105465
245 1 0 _aIran, Saudi Arabia and the Gulf :
_bpower politics in transition 1968-1971 /
_cFaisal bin Salman al-Saud.
260 _aLondon ;
_aNew York :
_bI.B. Tauris,
_c2003.
300 _axiii, 181 p. ;
_c24 cm.
505 _aThe Historical Setting (Page-1), The 16 January Decision Britain the US and Iran (Page-10), From Gunboat Diplomacy to Compromise (Page-29), The Nixon Doctrine Iran and the Gulf (Page-57), The Insoluble Disputes (Page-78). The Final Years (Page-106). Epilogue (Page-125).
651 0 _aIran
_xForeign relations
_zSaudi Arabia.
_9105466
651 0 _aPersian Gulf Region
_xPolitics and government.
_9105467
651 0 _aPersian Gulf Region
_xStrategic aspects.
_9105468
651 0 _aSaudi Arabia
_xForeign relations
_zIran.
_9105469
856 4 2 _3Contributor biographical information
_uhttp://www.loc.gov/catdir/bios/hol052/2004302041.html
856 4 2 _3Publisher description
_uhttp://www.loc.gov/catdir/description/hol054/2004302041.html
856 4 2 _3Table of contents
_uhttp://www.loc.gov/catdir/toc/hol052/2004302041.html
942 _2ddc
_cBK
_k320.953,ALS
999 _c176859
_d176859